| 000 | 00470pab a2200157 454500 | ||
|---|---|---|---|
| 008 | 180718b xxu||||| |||| 00| 0 eng d | ||
| 100 | _aChampion A.G. | ||
| 245 | _aInternational migration and demographic change in the developed world | ||
| 362 | _a31(4-5), May 1994, p.653-77 | ||
| 650 | _a Migration | ||
| 650 | _a International Migration | ||
| 650 | _a Immigration and Emigration | ||
| 650 | _aEmigration and Immigration | ||
| 773 | _aUrban Studies | ||
| 909 | _a27285 | ||
| 999 |
_c27285 _d27285 |
||